000
00337nam a2200133Ia 4500
008
230818s1999 xx 000 0 und d
041
_a
eng
100
_a
Townsend / Roth
245
_a
Nutrition & Diet Therapy
260
_b
Delmar pub. Bestan
_c
1999
300
_a
480p
520
_a
Hard Board | Reference Copy
999
_c
854536
_d
854536
650
_a
Food Safety